000 00464nam a2200181Ia 4500
001 9027
005 20260306160653.0
008 260306t1998||||xx |||||||||||||| ||spa||
041 _aESP
082 _a372.357
_bV935
100 _aVelázquez de Castro, Federico
_eAUT
245 0 _aTemas de educación ambiental en las ciencias de la vida
260 _c1998
300 _a220 páginas :
_c21 cm.
650 _aGEN
654 _aCED
942 _cLIB
_dJUS
_fJUS
_2ddc
_n
999 _c9027
_d9027